[Event "26th Abu Dhabi Masters"]
[Site "Abu Dhabi UAE"]
[Date "2019.08.09"]
[Round "8.62"]
[White "Siva, Mahadevan"]
[Black "Utsab, Chatterjee"]
[Result "1-0"]
[WhiteTitle "IM"]
[WhiteElo "2270"]
[BlackElo "2163"]
[WhiteFideId "25043153"]
[BlackFideId "46609148"]
[EventDate "2019.08.02"]

1. e4 c5 2. Nf3 d6 3. d4 cxd4 4. Nxd4 Nf6 5. Nc3 a6 6. Bg5 Nbd7 7. Bc4 Qa5 8.
Qd2 e6 9. O-O-O b5 10. Bb3 Bb7 11. Rhe1 O-O-O 12. f4 h6 13. Bxf6 Nxf6 14. e5 Nd7
15. exd6 Nc5 16. f5 e5 17. Nf3 Bxd6 18. Bd5 e4 19. Bxb7+ Nxb7 20. Rxe4 b4 21.
Nd5 Qxa2 22. Qd4 Bc5 23. Qe5 Nd6 24. Red4 Qa1+ 25. Kd2 Qa5 26. Ne7+ Kc7 27. Rd5
Kb6 28. Ke1 Qb5 29. Rxd6+ Bxd6 30. Rxd6+ Rxd6 31. Qxd6+ Kb7 32. Nd4 Qb6 33. Qd5+
Kc7 34. Nec6 Kc8 35. Qxf7 Qc7 36. Qxc7+ Kxc7 37. Nxb4 a5 38. Nd3 Kd6 39. Kd2 Rf8
40. c4 Re8 41. Ne6 Re7 42. Ke3 g6 43. c5+ Kd5 44. Nf4+ Kc4 45. Nxg6 Re8 46. c6
Kb3 47. c7 Kxb2 48. Ne5 a4 49. Kd4 Kb3 50. Nc4 Rg8 51. h3 1-0

[Event "26th Abu Dhabi Masters"]
[Site "Abu Dhabi UAE"]
[Date "2019.08.09"]
[Round "8.63"]
[White "Panda, Sambit"]
[Black "Priyanka, Nutakki"]
[Result "0-1"]
[BlackTitle "WIM"]
[WhiteElo "2126"]
[BlackElo "2259"]
[WhiteFideId "25091794"]
[BlackFideId "25049615"]
[EventDate "2019.08.02"]

1. d4 d5 2. c4 e6 3. Nf3 Nf6 4. Bg5 Be7 5. Nc3 O-O 6. e3 h6 7. Bh4 b6 8. cxd5
Nxd5 9. Bxe7 Nxe7 10. Qc2 Bb7 11. O-O-O Nd7 12. Bc4 Nd5 13. Bxd5 exd5 14. g4 Qf6
15. Qe2 a5 16. Rdg1 c5 17. h4 Qe6 18. h5 f6 19. Nh4 Rfc8 20. Nf5 a4 21. a3 cxd4
22. Nxd4 Qe7 23. Rd1 Ne5 24. Nf5 Qc5 25. Kb1 Rc7 26. Qb5 Qxb5 27. Nxb5 Rd7 28.
Rd4 Nf3 29. Rdd1 Ra5 30. Nbd6 Ba6 31. Rh3 Be2 32. Rc1 Rc5 33. Rxc5 bxc5 34. Rh1
d4 35. exd4 cxd4 36. Rc1 d3 37. Rc8+ Kh7 38. Ne4 d2 39. Nxd2 Nxd2+ 40. Kc2 Bxg4 0-1

[Event "26th Abu Dhabi Masters"]
[Site "Abu Dhabi UAE"]
[Date "2019.08.09"]
[Round "8.64"]
[White "Paramzina, Anastasya"]
[Black "Panesar, Vedant"]
[Result "1-0"]
[WhiteTitle "WGM"]
[WhiteElo "2245"]
[BlackElo "2102"]
[WhiteFideId "4165012"]
[BlackFideId "35033018"]
[EventDate "2019.08.02"]

1. e4 c6 2. Nc3 d5 3. Nf3 Nf6 4. Qe2 Bg4 5. exd5 Bxf3 6. Qxf3 cxd5 7. Bb5+ Nc6
8. O-O e6 9. Ne2 Qb6 10. Ba4 Bd6 11. c3 Qa6 12. Bxc6+ bxc6 13. d4 Rb8 14. h4 Ne4
15. Qg4 g6 16. Nf4 h5 17. Qf3 c5 18. dxc5 Bxc5 19. Nh3 Ke7 20. Ng5 f5 21. b4 Bd6
22. Nxe4 dxe4 23. Bg5+ Kf7 24. Qe3 Be7 25. Bxe7 Kxe7 26. Rfd1 Rb7 27. Rd2 Kf7
28. Rad1 Re7 29. Rd7 Re8 30. Qh6 Qc8 31. Rxa7 Rxa7 32. Qh7+ Kf6 33. Qxa7 Qxc3
34. b5 Rc8 35. b6 Rd8 36. Qa4 Rd3 37. Rb1 e3 38. fxe3 Rxe3 39. b7 Re1+ 40. Rxe1
Qxe1+ 41. Kh2 Qe5+ 42. Kh3 Qc3+ 43. g3 Qc1 44. Qd4+ Kf7 45. Qd7+ Kf6 46. Qd4+
Kf7 47. Qd7+ Kf6 48. Kg2 Qc2+ 49. Kf3 Qe4+ 50. Kf2 Qc2+ 51. Kf3 Qe4+ 52. Kf2
Qc2+ 53. Ke3 Qc3+ 54. Ke2 Qc2+ 55. Ke1 Qc3+ 56. Kd1 Qf3+ 57. Kc2 Qg2+ 58. Kc3
Qxg3+ 59. Kc4 Qb8 60. a4 g5 61. Qc8 Qf4+ 62. Kb5 Qe5+ 63. Kc6 Qe4+ 64. Kc7 Qf4+
65. Kd7 Qxa4+ 66. Kd8 Qa5+ 67. Ke8 Qb5+ 68. Qd7 Qxd7+ 69. Kxd7 gxh4 70. b8=Q Kg5
71. Kxe6 Kg4 72. Qh2 h3 73. Ke5 Kh4 74. Qf4# 1-0

[Event "26th Abu Dhabi Masters"]
[Site "Abu Dhabi UAE"]
[Date "2019.08.09"]
[Round "8.65"]
[White "Srihari, L"]
[Black "Bartel, Marta"]
[Result "1-0"]
[BlackTitle "WGM"]
[WhiteElo "2101"]
[BlackElo "2244"]
[WhiteFideId "46642056"]
[BlackFideId "1123009"]
[EventDate "2019.08.02"]

1. e4 c5 2. Nf3 Nc6 3. d4 cxd4 4. Nxd4 Qc7 5. Nc3 e6 6. Be3 a6 7. Qf3 Bd6 8.
O-O-O Be5 9. g3 Nge7 10. Qe2 Nxd4 11. Bxd4 Bxd4 12. Rxd4 b5 13. a3 Bb7 14. Bg2
O-O 15. Rhd1 Bc6 16. Nd5 exd5 17. exd5 Nf5 18. Rf4 g6 19. dxc6 dxc6 20. Bh3 Ng7
21. Rd7 Qa5 22. Qd2 Qxd2+ 23. Kxd2 c5 24. Rf6 a5 25. Rc6 c4 26. Rc5 b4 27. Rxc4
bxa3 28. bxa3 Ra6 29. Rd5 Nh5 30. Rc8 Nf6 31. Rdd8 Rxd8+ 32. Rxd8+ Kg7 33. c4
Ne4+ 34. Ke3 Nc5 35. Kd4 Nb3+ 36. Kd5 a4 37. Bd7 1-0

[Event "26th Abu Dhabi Masters"]
[Site "Abu Dhabi UAE"]
[Date "2019.08.09"]
[Round "8.66"]
[White "Pujari, Rucha"]
[Black "Soham, Kamotra"]
[Result "1/2-1/2"]
[WhiteTitle "WIM"]
[WhiteElo "2232"]
[BlackElo "2061"]
[WhiteFideId "5024528"]
[BlackFideId "46647490"]
[EventDate "2019.08.02"]

1. d4 Nf6 2. g3 e6 3. Bg2 c5 4. Nf3 Nc6 5. O-O d5 6. c4 dxc4 7. Qa4 Bd7 8. Qxc4
b5 9. Qd3 Qb6 10. dxc5 Bxc5 11. Bg5 Ng4 12. e3 f6 13. Qe4 e5 14. b4 Be7 15. h3
f5 16. Qc2 Nxb4 17. Qd2 Nf6 18. Bxf6 Qxf6 19. a3 e4 20. axb4 Qxa1 21. Qd5 Rd8
22. Ne5 Rf8 23. Rd1 Qa6 24. Bf1 Bc6 25. Qxc6+ Qxc6 26. Rxd8+ Bxd8 27. Nxc6 1/2-1/2

[Event "26th Abu Dhabi Masters"]
[Site "Abu Dhabi UAE"]
[Date "2019.08.09"]
[Round "8.67"]
[White "Gomes, Mary Ann"]
[Black "Ashraf, Artin"]
[Result "1-0"]
[WhiteTitle "WGM"]
[WhiteElo "2286"]
[BlackElo "2123"]
[WhiteFideId "5013623"]
[BlackFideId "22514805"]
[EventDate "2019.08.02"]

1. Nf3 d5 2. g3 c6 3. Bg2 Nf6 4. b3 Bf5 5. Bb2 e6 6. d3 h6 7. Nbd2 Be7 8. O-O
O-O 9. Qe1 a5 10. a3 c5 11. e4 Bh7 12. Ne5 a4 13. Qe2 Nc6 14. Nxc6 bxc6 15. bxa4
Qa5 16. c4 Rfd8 17. cxd5 cxd5 18. exd5 Nxd5 19. Nc4 Qxa4 20. Be4 Rab8 21. Be5
Rb3 22. Nd2 Rb7 23. Qg4 Bg6 24. Nc4 h5 25. Qe2 Bxe4 26. dxe4 Nf6 27. Rab1 Rxb1
28. Rxb1 g6 29. Bc3 Qc6 30. f3 Nd7 31. Na5 Qa4 32. Qc4 Qc2 33. Rb2 Qd1+ 34. Kg2
Nb8 35. Qe2 Qa4 36. Qc2 Qd7 37. Rb7 Qe8 38. Ba1 f6 39. Qb3 Kf7 40. Bc3 Nc6 41.
Rb6 Rd6 42. Nb7 Rd3 43. Qc4 Rd1 44. Nxc5 Bxc5 45. Qxc5 Ne7 46. Bb4 Rd7 47. Qc4
Ng8 48. Rc6 Ne7 49. Qxe6+ 1-0

[Event "26th Abu Dhabi Masters"]
[Site "Abu Dhabi UAE"]
[Date "2019.08.09"]
[Round "8.68"]
[White "Salonika, Saina"]
[Black "Ayyad, Husain"]
[Result "1/2-1/2"]
[WhiteTitle "WFM"]
[BlackTitle "FM"]
[WhiteElo "2068"]
[BlackElo "2231"]
[WhiteFideId "25013971"]
[BlackFideId "11200243"]
[EventDate "2019.08.02"]

1. e4 e5 2. Nf3 Nc6 3. Bb5 a6 4. Ba4 Nf6 5. d4 exd4 6. O-O d6 7. Nxd4 Bd7 8.
Nxc6 Bxc6 9. Bxc6+ bxc6 10. Nc3 Be7 11. Bf4 O-O 12. Qe2 Re8 13. Rad1 Qb8 14. Qc4
Qb7 15. b3 Nd7 16. a4 Bf6 17. Ne2 c5 18. f3 Nb6 19. Qd3 c4 20. Qd2 Nd7 21. Rb1
cxb3 22. cxb3 Nc5 23. Be3 Ne6 24. b4 Rad8 25. Rfd1 c6 26. b5 axb5 27. axb5 cxb5
28. Qd5 Qxd5 29. Rxd5 Nc7 30. Rdd1 d5 31. Bb6 dxe4 32. Bxc7 Rxd1+ 33. Rxd1 exf3
34. Nd4 Bxd4+ 35. Rxd4 fxg2 36. Rb4 Re2 37. Rxb5 h6 38. Bg3 Kh7 39. Bf2 Re6 1/2-1/2

[Event "26th Abu Dhabi Masters"]
[Site "Abu Dhabi UAE"]
[Date "2019.08.09"]
[Round "8.69"]
[White "Mrudul, Dehankar"]
[Black "Sharma, Isha"]
[Result "1-0"]
[WhiteTitle "WCM"]
[BlackTitle "WCM"]
[WhiteElo "2188"]
[BlackElo "2078"]
[WhiteFideId "25096990"]
[BlackFideId "35006665"]
[EventDate "2019.08.02"]

1. e4 d6 2. d4 Nf6 3. Nc3 e5 4. Nf3 Nbd7 5. Be2 Be7 6. h3 O-O 7. Be3 c6 8. a4 b6
9. O-O Bb7 10. dxe5 dxe5 11. Bc4 Qc7 12. Nh4 Nc5 13. Nf5 Bc8 14. Qf3 Be6 15. Qg3
Bxf5 16. exf5 Nce4 17. Nxe4 Nxe4 18. Qf3 Nd6 19. Bb3 Bf6 20. c3 e4 21. Qh5 Kh8
22. Bf4 g6 23. Qg4 gxf5 24. Qg3 Rad8 25. Rad1 Be7 26. Rd2 Rg8 27. Be5+ f6 28.
Bxg8 fxe5 29. Be6 f4 30. Qg4 Bf6 31. Rfd1 Bg7 32. Qh5 Qe7 33. Bf5 Kg8 34. Bxh7+
Kf8 35. Qg6 Nf7 36. Rxd8+ Nxd8 37. Qf5+ Ke8 38. Bg6+ 1-0

[Event "26th Abu Dhabi Masters"]
[Site "Abu Dhabi UAE"]
[Date "2019.08.09"]
[Round "8.70"]
[White "Soham, Datar"]
[Black "Mahdian, Anousha"]
[Result "1-0"]
[BlackTitle "WFM"]
[WhiteElo "2192"]
[BlackElo "2118"]
[WhiteFideId "5097169"]
[BlackFideId "12571490"]
[EventDate "2019.08.02"]

1. Nf3 d5 2. c4 c6 3. g3 Nf6 4. Bg2 Bf5 5. cxd5 cxd5 6. Qb3 Qb6 7. Qxb6 axb6 8.
Nc3 Nc6 9. d3 e5 10. O-O Bc5 11. Bg5 Be6 12. a3 h6 13. Bxf6 gxf6 14. Nd2 Rd8 15.
Rfc1 Bd4 16. Rab1 Na7 17. e3 Bxc3 18. bxc3 Nc8 19. d4 O-O 20. Rb5 Rd6 21. Rcb1
Rfd8 22. h4 Kg7 23. R5b4 R8d7 24. Nf3 e4 25. Nd2 Rc6 26. c4 dxc4 27. Bxe4 Rcc7
28. Bc2 Ne7 29. Be4 f5 30. Bf3 c3 31. Nf1 Rd6 32. Rc1 Nd5 33. Rb5 Nf6 34. g4
fxg4 35. Bg2 c2 36. Ng3 Rc3 37. Rb2 Rxa3 38. Rbxc2 b5 39. Rb2 Rb6 40. e4 Ra2 41.
Rxa2 Bxa2 42. Rc2 Bc4 43. d5 Nd7 44. Nf5+ Kf6 45. Nxh6 Ne5 46. Ng8+ Kg7 47. Ne7
b4 48. d6 b3 49. Rb2 Kf8 50. Nf5 Ke8 51. h5 Be6 52. h6 Ng6 53. Bf1 Kd7 54. Ne7
Nh8 55. e5 Rb4 56. Bd3 Kd8 57. Kg2 Ra4 58. Kg3 Ra2 59. Rb1 b2 60. Bf5 Bb3 61.
Kxg4 Ke8 62. Kg5 Kf8 63. Kf6 Bc4 64. Rg1 Ng6 1-0

[Event "26th Abu Dhabi Masters"]
[Site "Abu Dhabi UAE"]
[Date "2019.08.09"]
[Round "8.71"]
[White "Arjun, C Krishnamachari"]
[Black "Thrish, Karthik"]
[Result "1/2-1/2"]
[WhiteElo "2172"]
[BlackElo "2075"]
[WhiteFideId "46653252"]
[BlackFideId "46626433"]
[EventDate "2019.08.02"]

1. e4 e6 2. Nf3 d5 3. e5 c5 4. b4 cxb4 5. a3 Nc6 6. axb4 Bxb4 7. c3 Be7 8. d4
Qc7 9. Bd3 f5 10. h3 Bd7 11. g4 fxg4 12. hxg4 Nh6 13. g5 Nf5 14. g6 h6 15. Bxf5
exf5 16. Ng5 Bxg5 17. Bxg5 Nd8 18. Bh4 Qb6 19. Rg1 Ne6 20. Nd2 Rc8 21. Ra3 O-O
22. Rb3 Qa6 23. Qe2 Qxe2+ 24. Kxe2 b6 25. Be7 Rfe8 26. Bd6 Rc6 27. Kd3 Rec8 28.
Rc1 Be8 29. Nf3 Bxg6 30. Rg1 Kf7 31. Kd2 f4 32. Ba3 Be4 33. Ne1 g5 34. f3 Bf5
35. Bb2 h5 36. Nd3 h4 37. Nb4 R6c7 38. Nxd5 Rd7 39. Nf6 Rdd8 40. Ke2 h3 41. d5
Ng7 42. Ra3 a5 43. Rxg5 h2 44. Ra1 Rc5 45. Nh5 Nxh5 46. Rxh5 Bg6 47. e6+ Ke7 48.
Rxh2 Rcxd5 49. Ba3+ Kxe6 50. Rh6 Kf7 51. Re1 Re5+ 52. Kf1 Rxe1+ 53. Kxe1 Rd3 54.
Ke2 Rxc3 55. Bd6 Rc4 56. Rh4 Ke6 57. Rxf4 Rc2+ 58. Kd1 Kxd6 59. Rf6+ Ke7 60.
Rxb6 Rg2 61. Ra6 a4 62. Kc1 Bc2 63. Ra7+ 1/2-1/2

[Event "26th Abu Dhabi Masters"]
[Site "Abu Dhabi UAE"]
[Date "2019.08.09"]
[Round "8.72"]
[White "Davainis, Marius"]
[Black "Mohamed, Faisal"]
[Result "0-1"]
[BlackTitle "FM"]
[WhiteElo "2105"]
[BlackElo "2150"]
[WhiteFideId "12800694"]
[BlackFideId "12202606"]
[EventDate "2019.08.02"]

1. Nf3 Nf6 2. b4 e6 3. a3 d5 4. Bb2 Bd6 5. e3 Nbd7 6. c4 dxc4 7. Bxc4 O-O 8. d4
Qe7 9. Ne5 a5 10. b5 Rd8 11. Nd2 Nb6 12. Bd3 Nfd7 13. Qc2 Nf8 14. h4 Bxe5 15.
dxe5 c6 16. Bd4 Rxd4 17. exd4 Bd7 18. Qc5 Qxc5 19. dxc5 Na4 20. Ne4 Ng6 21. h5
Nxe5 22. Bc2 cxb5 23. Bxa4 bxa4 24. O-O Bc6 25. f3 f5 26. Ng5 Bd5 27. Rfe1 Nd3
28. Rxe6 Bxe6 29. Nxe6 Re8 30. Nd4 Nxc5 31. Nxf5 Re5 32. g4 b5 33. Rc1 Kf8 34.
Kf2 Nd3+ 0-1

[Event "26th Abu Dhabi Masters"]
[Site "Abu Dhabi UAE"]
[Date "2019.08.09"]
[Round "8.73"]
[White "Ammar, Sedrani"]
[Black "Wang, Shanshan"]
[Result "1-0"]
[WhiteTitle "FM"]
[WhiteElo "2024"]
[BlackElo "2122"]
[WhiteFideId "9312331"]
[BlackFideId "8605262"]
[EventDate "2019.08.02"]

1. d4 Nf6 2. Bg5 g6 3. Bxf6 exf6 4. c4 Bg7 5. Nc3 d6 6. g3 O-O 7. Bg2 f5 8. e3
Nd7 9. Nge2 Nf6 10. O-O Re8 11. b4 Rb8 12. Rb1 Ne4 13. Qd3 Nxc3 14. Nxc3 h5 15.
h4 g5 16. Bf3 gxh4 17. Kg2 hxg3 18. Rh1 h4 19. Nd5 c6 20. Nf4 Qg5 21. Rh3 Qe7
22. Re1 gxf2 23. Kxf2 Bh6 24. Rg1+ Kf8 25. Rh2 Qf6 26. Rhg2 Bxf4 27. Rg8+ Ke7
28. Rxe8+ Kxe8 29. exf4 Kd8 30. c5 Kc7 31. Rd1 d5 32. Qa3 a6 33. b5 axb5 34.
Qa5+ b6 35. Qa7+ Rb7 36. cxb6+ Kd7 37. Qa5 Qd8 38. Re1 Qxb6 39. Qb4 Qd8 40. Re5
Qf6 41. Qc5 Qd6 42. Qc2 Qg6 43. Ke2 f6 44. Re3 Qf7 45. Qxf5+ Kc7 46. Qc2 Bd7 47.
Qc5 Kd8 48. Qd6 b4 49. f5 h3 50. Re6 h2 51. Kd3 Kc8 52. Rxf6 Bxf5+ 53. Kd2 Qxf6
54. Qxf6 Bd7 55. Qh8+ Kc7 56. Qxh2+ Kb6 57. Qd6 Ka7 58. Bd1 Ka6 59. Qc5 1-0